Azerbaijani Cities by their Armenian Names - Statistics

General Stats
  • This quiz has been taken 24 times
  • The average score is 7 of 15
Answer Stats
Armenian city name Azerbaijani city name % Correct
Gandzak Gəncə
87%
Nakhijevan Naxçıvan
67%
Stepanakert Xankəndi
67%
Akna Ağdam
60%
Karvachar Kəlbəcər
60%
Mingechaur Mingəçevir
60%
Evaylakh Yevlax
53%
Jugha Culfa
47%
Ordouvar Ordubad
47%
Berdzor Laçın
40%
Martakert Ağdərə
33%
Partaw Bərdə
33%
Getabek Gədəbəy
33%
Martuni Xocavənd
27%
Beġamēǰ Ağcabədi
7%
No matching quizzes found
Score Distribution
Percent of People with Each Score
Percentile by Number Answered
Your Score History
You have not taken this quiz